[Event "II Open de Lisboa - Xeque Mate ao Verão "]
[Site "Espaço da Juventude nos Olivai"]
[Date "1914.08.12"]
[Round "4.1"]
[White "Margarido, Jose Miguel Teixeir"]
[Black "Damaso, Rui"]
[Result "0-1"]
[WhiteElo "1993"]
[BlackElo "2401"]
[PlyCount "46"]
[EventDate "1914.08.10"]

1. d4 Nf6 2. c4 e6 3. Nf3 c5 4. e3 g6 5. b3 Bg7 6. Bb2 O-O 7. dxc5 Na6 8. Be2
Nxc5 9. O-O b6 10. Nbd2 d6 11. Qc2 Bb7 12. Rac1 Rc8 13. Rfd1 Qe7 14. Qb1 e5 15.
Qa1 Ng4 16. h3 Nh6 17. Nb1 f5 18. Nc3 f4 19. exf4 e4 20. Nd4 e3 21. f3 Qh4 22.
Kh1 Qxf4 23. Ncb5 Be5 0-1

[Event "II Open de Lisboa - Xeque Mate ao Verão "]
[Site "Espaço da Juventude nos Olivai"]
[Date "1914.08.12"]
[Round "4.2"]
[White "Stelian, Turta"]
[Black "Reis, Luis Sousa"]
[Result "0-1"]
[WhiteElo "1831"]
[BlackElo "2190"]
[PlyCount "112"]
[EventDate "1914.08.10"]

1. d4 c5 2. Nf3 cxd4 3. Qxd4 Nc6 4. Qa4 d5 5. Bf4 f6 6. e3 e5 7. Bg3 Qb6 8. Qb3
Qxb3 9. axb3 Bf5 10. c3 Bc5 11. b4 Bb6 12. Bb5 Nge7 13. Nbd2 Kf7 14. Nb3 a5 15.
bxa5 Nxa5 16. Nxa5 Bxa5 17. O-O Bb6 18. h3 Rhc8 19. Ba4 Ra5 20. Bb3 Rb5 21. Nd2
Bd3 22. Rfe1 Nf5 23. Bh2 Nd6 24. Ra2 Nc4 25. Nxc4 dxc4 26. Bd1 Ke7 27. Bg3 Bb1
28. Ra1 Bd3 29. Ra2 Rd8 30. Be2 g6 31. Bf3 Bc5 32. Kh1 h5 33. Rea1 Rd6 34. Ra5
Rdb6 35. Bd5 Kd6 36. Rxb5 Rxb5 37. Bf7 Rxb2 38. Rd1 Ke7 39. Bd5 b5 40. Kh2 b4
41. cxb4 Bxb4 42. Bxc4 Bxc4 43. Rc1 Bd5 44. Rd1 Ke6 45. Rc1 Bd6 46. Kg1 Bb4 47.
Rd1 Ra2 48. Rb1 Bc5 49. Re1 Ra4 50. Rc1 Rc4 51. Ra1 h4 52. Bh2 Rc2 53. Re1 g5
54. Kf1 f5 55. g4 fxg4 56. hxg4 Bf3 0-1

[Event "II Open de Lisboa - Xeque Mate ao Verão "]
[Site "Espaço da Juventude nos Olivai"]
[Date "1914.08.12"]
[Round "4.3"]
[White "Ulyanovskyy, Viktor"]
[Black "Coelho, Pedro Rodrigo Dias"]
[Result "1-0"]
[WhiteElo "2280"]
[BlackElo "1926"]
[PlyCount "73"]
[EventDate "1914.08.10"]

1. e4 e6 2. d4 d5 3. Nd2 c6 4. c3 Nd7 5. Bd3 dxe4 6. Nxe4 Ngf6 7. Nf3 Nxe4 8.
Bxe4 Be7 9. O-O Nf6 10. Bc2 Qa5 11. Re1 Bd7 12. Ne5 Rf8 13. Bf4 O-O-O 14. Nc4
Qh5 15. Nd6+ Bxd6 16. Bxd6 Qxd1 17. Raxd1 Rh8 18. h3 Rdg8 19. a4 Ne8 20. Be5
Nc7 21. c4 f6 22. Bd6 g5 23. b4 h5 24. b5 h4 25. f3 f5 26. Be5 Rh6 27. Rb1 g4
28. fxg4 fxg4 29. Re3 gxh3 30. Rxh3 Be8 31. Rb2 Bd7 32. Kh2 Ne8 33. Rf3 Rh5 34.
Be4 c5 35. b6 a6 36. Rf7 Rxe5 37. dxe5 1-0

[Event "II Open de Lisboa - Xeque Mate ao Verão "]
[Site "Espaço da Juventude nos Olivai"]
[Date "1914.08.12"]
[Round "4.4"]
[White "Lages, Duarte Jorge Silva"]
[Black "Ferreira, Hugo Miguel Da Costa"]
[Result "0-1"]
[WhiteElo "1777"]
[BlackElo "1878"]
[PlyCount "44"]
[EventDate "1914.08.10"]

1. d4 Nf6 2. c4 e6 3. Nf3 d5 4. Bg5 Be7 5. Nc3 O-O 6. e3 b6 7. cxd5 Nxd5 8.
Bxe7 Qxe7 9. e4 Nxc3 10. bxc3 Bb7 11. Bd3 c5 12. O-O Rd8 13. Qe2 Nc6 14. Qb2
cxd4 15. cxd4 Nxd4 16. Nxd4 Qd6 17. Nb5 Qxd3 18. Nxa7 Qxe4 19. f3 Qe3+ 20. Kh1
Rxa7 21. Rfe1 Qd4 22. Rad1 Qxd1 0-1

[Event "II Open de Lisboa - Xeque Mate ao Verão "]
[Site "Espaço da Juventude nos Olivai"]
[Date "1914.08.12"]
[Round "4.5"]
[White "Bolhari, Orphe Iraj"]
[Black "Adao, David"]
[Result "1-0"]
[WhiteElo "2144"]
[BlackElo "1797"]
[PlyCount "83"]
[EventDate "1914.08.10"]

1. e4 e6 2. d4 d5 3. exd5 exd5 4. Bd3 Nf6 5. Nf3 Be7 6. O-O Bg4 7. c3 Nbd7 8.
Bf4 O-O 9. Nbd2 c5 10. Qc2 Re8 11. Rfe1 Rc8 12. Ne5 Nf8 13. Nxg4 Nxg4 14. Bf5
Nf6 15. Bxc8 Qxc8 16. dxc5 Qxc5 17. Be3 Qc7 18. Qa4 a6 19. Bd4 Rd8 20. Be5 Qb6
21. Qb3 Qc6 22. Nf3 Ne4 23. Rad1 Ng6 24. Bg3 Bc5 25. Rxe4 dxe4 26. Rxd8+ Nf8
27. Ne5 Qf6 28. Qd5 e3 29. Rxf8+ Bxf8 30. fxe3 Qf5 31. h3 h5 32. e4 Qf6 33. Nd7
Qg6 34. Kh2 Be7 35. Qf5 Qh6 36. Ne5 Bf6 37. Qc8+ Kh7 38. Nxf7 Qe3 39. Qf5+ Kg8
40. Qxh5 Qxe4 41. Ng5 Qe3 42. Qf7+ 1-0

[Event "II Open de Lisboa - Xeque Mate ao Verão "]
[Site "Espaço da Juventude nos Olivai"]
[Date "1914.08.12"]
[Round "4.6"]
[White "Rocha, Manuel Fernando Teix"]
[Black "Pires, Emanuel Joao Robarts"]
[Result "0-1"]
[WhiteElo "1872"]
[BlackElo "2093"]
[PlyCount "104"]
[EventDate "1914.08.10"]

1. e4 d6 2. d4 Nf6 3. Nc3 g6 4. f4 Bg7 5. Nf3 O-O 6. Bc4 Nxe4 7. Bxf7+ Rxf7 8.
Nxe4 c6 9. c3 Qb6 10. O-O Bg4 11. h3 Bxf3 12. Qxf3 Nd7 13. Ng5 Rf6 14. Qg4 Nf8
15. f5 Qb5 16. a4 Qd3 17. Ne4 Rxf5 18. Rxf5 gxf5 19. Qxf5 Qd1+ 20. Kh2 Qb3 21.
Bg5 Qf7 22. Qxf7+ Kxf7 23. Rf1+ Ke8 24. Ng3 Ne6 25. Bh4 Rb8 26. Nf5 Bf8 27. g4
a5 28. c4 b5 29. d5 cxd5 30. cxd5 Nc7 31. Re1 bxa4 32. Nxd6+ Kd7 33. Nc4 Nxd5
34. Rd1 e6 35. Rf1 Ke8 36. Rf2 Bb4 37. Ne5 Bd6 38. Bg3 Rb3 39. Re2 a3 40. bxa3
Rxa3 41. Kg2 Ne3+ 42. Kf2 Nd1+ 43. Kg2 Nc3 44. Re3 Ra2+ 45. Kf3 Nd5 46. Rd3 a4
47. Nc4 Be7 48. h4 Ra1 49. Ne5 a3 50. Rb3 a2 51. Rb8+ Bd8 52. Nc6 Rf1+ 0-1

[Event "II Open de Lisboa - Xeque Mate ao Verão "]
[Site "Espaço da Juventude nos Olivai"]
[Date "1914.08.12"]
[Round "4.7"]
[White "Cadeirinhas, David E Louro Ada"]
[Black "Vasconcellos, Renato Fialho De"]
[Result "0-1"]
[WhiteElo "1863"]
[BlackElo "2049"]
[PlyCount "116"]
[EventDate "1914.08.10"]

1. d4 Nf6 2. c4 e6 3. Nf3 b6 4. e3 Bb7 5. Be2 Bb4+ 6. Bd2 Be7 7. Nc3 O-O 8. O-O
c5 9. Qc2 Nc6 10. a3 d6 11. d5 exd5 12. cxd5 Nb8 13. e4 Nbd7 14. h3 a6 15. a4
Re8 16. Rab1 Bf8 17. Bg5 Be7 18. Nd2 Nxd5 19. Bxe7 Nxe7 20. Nc4 Ne5 21. Qb3
Nxc4 22. Bxc4 Rf8 23. Rbd1 Qc7 24. Rd3 Rad8 25. Rfd1 Ng6 26. Nd5 Bxd5 27. Rxd5
Ne7 28. R5d3 Nc6 29. Bd5 Nd4 30. Qc4 b5 31. axb5 axb5 32. Qa2 b4 33. Ra1 Kh8
34. Qa7 Rd7 35. Qxc7 Rxc7 36. Ra6 Rd8 37. Rd1 g6 38. Kf1 Kg7 39. Rda1 c4 40.
R6a4 Nb3 41. R1a2 Rb8 42. Ra7 Rbc8 43. Rxc7 Rxc7 44. Ke1 Nd4 45. Ra4 c3 46.
bxc3 bxc3 47. Rc4 Rxc4 48. Bxc4 f5 49. exf5 gxf5 50. f4 h5 51. g3 h4 52. gxh4
Kh6 53. Bf7 d5 54. h5 Nf3+ 55. Kd1 d4 56. Bg6 Nh4 57. Bf7 Ng2 58. Bg6 d3 0-1

[Event "II Open de Lisboa - Xeque Mate ao Verão "]
[Site "Espaço da Juventude nos Olivai"]
[Date "1914.08.12"]
[Round "4.8"]
[White "Maslov, Vadim"]
[Black "Pintor, Simao Maciel Abranch"]
[Result "0-1"]
[WhiteElo "1858"]
[BlackElo "2041"]
[PlyCount "52"]
[EventDate "1914.08.10"]

1. e4 c5 2. Nc3 Nc6 3. f4 g6 4. Nf3 Bg7 5. g3 d6 6. Bb5 Bd7 7. O-O Nd4 8. Bxd7+
Qxd7 9. d3 Nh6 10. e5 O-O 11. Ne4 Rac8 12. c3 Nxf3+ 13. Qxf3 dxe5 14. fxe5 Ng4
15. e6 Qxe6 16. Bf4 Nf6 17. Rae1 Qxa2 18. Ra1 Qb3 19. Nd2 Qxb2 20. Rxa7 Qxc3
21. Rxb7 Rcd8 22. Rb3 Qd4+ 23. Be3 Qd5 24. Qxd5 Rxd5 25. Rc1 Ng4 26. Bxc5 Rxc5
0-1

[Event "II Open de Lisboa - Xeque Mate ao Verão "]
[Site "Espaço da Juventude nos Olivai"]
[Date "1914.08.12"]
[Round "4.9"]
[White "Antunes, Paulo Alexandre Gonç"]
[Black "Marques, Rui Filipe Pereira"]
[Result "0-1"]
[WhiteElo "1850"]
[BlackElo "1998"]
[PlyCount "22"]
[EventDate "1914.08.10"]

1. e4 c5 2. f4 d5 3. exd5 Nf6 4. c4 e6 5. Qa4+ Bd7 6. Qb3 exd5 7. cxd5 Qb6 8.
Bc4 Na6 9. Qe3+ Be7 10. Ne2 Nb4 11. Na3 Nbxd5 0-1

[Event "II Open de Lisboa - Xeque Mate ao Verão "]
[Site "Espaço da Juventude nos Olivai"]
[Date "1914.08.12"]
[Round "4.10"]
[White "Martins, Andre G Gomes Brito"]
[Black "Romano, Joao Manuel Pereira "]
[Result "1-0"]
[WhiteElo "1965"]
[BlackElo "1593"]
[PlyCount "55"]
[EventDate "1914.08.10"]

1. e4 c5 2. Nf3 d6 3. d3 Nc6 4. g3 g6 5. Bg2 Bg7 6. O-O e6 7. Nbd2 Nge7 8. c3
O-O 9. Re1 Rb8 10. a4 a6 11. Nf1 b5 12. axb5 axb5 13. d4 b4 14. Bf4 bxc3 15.
bxc3 e5 16. dxe5 Nxe5 17. Nxe5 Bxe5 18. Bxe5 dxe5 19. Ne3 Be6 20. Nd5 Kg7 21.
Ra7 Nc6 22. Ra6 Qd7 23. Qa4 Rfc8 24. Nb6 Rxb6 25. Rxb6 Qd2 26. Rd1 Qe2 27. Bf1
Qf3 28. Rd3 1-0

[Event "II Open de Lisboa - Xeque Mate ao Verão "]
[Site "Espaço da Juventude nos Olivai"]
[Date "1914.08.12"]
[Round "4.11"]
[White "Pereira, Simao Serrano Jesus"]
[Black "Morais, Vitor Mestre"]
[Result "1-0"]
[WhiteElo "1849"]
[BlackElo "1948"]
[PlyCount "59"]
[EventDate "1914.08.10"]

1. e4 d6 2. d4 Nf6 3. Nc3 g6 4. f3 Bg7 5. Be3 O-O 6. Qd2 e5 7. d5 a5 8. O-O-O
Na6 9. g4 Nc5 10. Bh6 Qe7 11. h4 Bd7 12. h5 Bxh6 13. Qxh6 Rfb8 14. hxg6 fxg6
15. Bb5 a4 16. Nh3 Ra5 17. Bxd7 Nfxd7 18. Ng5 Nf8 19. Rh2 b5 20. Rdh1 b4 21.
Ne2 b3 22. cxb3 axb3 23. a3 Qg7 24. Nxh7 Nd3+ 25. Kb1 Qxh6 26. Rxh6 Rc5 27.
Nxf8 Rc2 28. Rh8+ Kg7 29. Ne6+ Kf6 30. g5+ 1-0

[Event "II Open de Lisboa - Xeque Mate ao Verão "]
[Site "Espaço da Juventude nos Olivai"]
[Date "1914.08.12"]
[Round "4.12"]
[White "Garcia, Antonio Manuel Costa"]
[Black "Sousa, Tadeu Filipe Leonard"]
[Result "1/2-1/2"]
[WhiteElo "1929"]
[BlackElo "1751"]
[PlyCount "62"]
[EventDate "1914.08.10"]

1. d4 Nf6 2. c4 c5 3. Nf3 cxd4 4. Nxd4 e5 5. Nb5 d5 6. cxd5 Bc5 7. e3 O-O 8.
N5c3 e4 9. Be2 Qe7 10. Nd2 Rd8 11. Qc2 Bf5 12. Nf1 Nxd5 13. Nxd5 Rxd5 14. a3
Nc6 15. Ng3 Bg6 16. O-O h5 17. Rd1 Rxd1+ 18. Bxd1 h4 19. Nf1 Ne5 20. b4 Bd6 21.
Bb2 Nd3 22. Bd4 a5 23. bxa5 Bxa3 24. Bb6 Bb4 25. Ra2 Be1 26. Qc7 Qf6 27. f4 Qc6
28. Qxc6 bxc6 29. Nd2 Nb4 30. Rb2 Nd3 31. Rc2 Nb4 1/2-1/2

[Event "II Open de Lisboa - Xeque Mate ao Verão "]
[Site "Espaço da Juventude nos Olivai"]
[Date "1914.08.12"]
[Round "4.13"]
[White "Fidalgo, Andre Neves"]
[Black "Prata, Jose Miguel Mendes"]
[Result "0-1"]
[WhiteElo "1841"]
[BlackElo "1967"]
[PlyCount "86"]
[EventDate "1914.08.10"]

1. e4 e6 2. d4 d5 3. exd5 exd5 4. Nf3 Bd6 5. c4 Nf6 6. c5 Be7 7. Bd3 c6 8. O-O
O-O 9. h3 Re8 10. Bf4 b6 11. b4 a5 12. Bxb8 Rxb8 13. a3 axb4 14. axb4 bxc5 15.
bxc5 Qc7 16. Nc3 h6 17. Re1 Be6 18. Ne5 Nd7 19. Nxd7 Qxd7 20. Na4 Bf6 21. Nb6
Qc7 22. Ra4 Qf4 23. g3 Qc7 24. Kg2 g6 25. Re2 h5 26. Rea2 h4 27. Ra7 Rb7 28.
Rxb7 Qxb7 29. Qa1 Qe7 30. Ra7 Qf8 31. g4 Qg7 32. Qa4 Bxd4 33. Qxc6 Rd8 34. Qc7
Qf6 35. f4 Rf8 36. g5 Bxh3+ 37. Kxh3 Qe6+ 38. Kg2 Qg4+ 39. Kf1 Qg1+ 40. Ke2
Qe3+ 41. Kd1 Qxd3+ 42. Ke1 Qc3+ 43. Kd1 Qb3+ 0-1

[Event "II Open de Lisboa - Xeque Mate ao Verão "]
[Site "Espaço da Juventude nos Olivai"]
[Date "1914.08.12"]
[Round "4.14"]
[White "Romano, Luis Miguel Pereira "]
[Black "Fidalgo, Daniel Neves"]
[Result "1-0"]
[WhiteElo "1892"]
[BlackElo "1729"]
[PlyCount "121"]
[EventDate "1914.08.10"]

1. d4 e6 2. c4 d5 3. Nc3 c6 4. e4 Bb4 5. Qg4 Bxc3+ 6. bxc3 Qf6 7. cxd5 cxd5 8.
exd5 Ne7 9. Bb5+ Bd7 10. Bxd7+ Nxd7 11. dxe6 fxe6 12. Nf3 O-O 13. O-O Rac8 14.
Rb1 b6 15. Bd2 Nd5 16. Rb3 Rc6 17. Ng5 Qg6 18. Qe2 h6 19. Ne4 N7f6 20. f3 Rfc8
21. c4 Nxe4 22. cxd5 Nxd2 23. dxc6 Nxb3 24. axb3 Rxc6 25. Re1 Kh8 26. Rd1 Rc2
27. Qf1 Qg5 28. Kh1 Qe3 29. b4 Rd2 30. h3 Qxd4 31. Rxd2 Qxd2 32. Qc4 Qe1+ 33.
Kh2 Qe5+ 34. Kh1 a5 35. b5 Qa1+ 36. Kh2 a4 37. Qxe6 Qb1 38. f4 a3 39. f5 Qxb5
40. f6 gxf6 41. Qxf6+ Kg8 42. Qg6+ Kf8 43. Qxh6+ Ke7 44. Qe3+ Kd7 45. Qxa3 Qe5+
46. Qg3 Qc5 47. Qd3+ Kc6 48. h4 b5 49. Qf3+ Kc7 50. h5 b4 51. h6 Qd6+ 52. Qg3
b3 53. h7 Qxg3+ 54. Kxg3 b2 55. h8=Q b1=Q 56. Qf6 Qe1+ 57. Qf2 Qxf2+ 58. Kxf2
Kd7 59. Kf3 Ke7 60. Kf4 Kf6 61. Kg4 1-0

[Event "II Open de Lisboa - Xeque Mate ao Verão "]
[Site "Espaço da Juventude nos Olivai"]
[Date "1914.08.12"]
[Round "4.15"]
[White "Aguiar, Carlos Alberto Branc"]
[Black "Balu, Henish Hemendra"]
[Result "1/2-1/2"]
[WhiteElo "1809"]
[BlackElo "1688"]
[PlyCount "52"]
[EventDate "1914.08.10"]

1. e4 e6 2. d4 d5 3. e5 c5 4. c3 Nc6 5. Be2 Nge7 6. Nf3 Qb6 7. Na3 cxd4 8. cxd4
Nf5 9. Nc2 h5 10. O-O Bd7 11. b3 Rc8 12. Bg5 Nce7 13. Qd2 Bb5 14. Bxb5+ Qxb5
15. Rfc1 Nc6 16. h3 Be7 17. Bxe7 Ncxe7 18. Ne3 O-O 19. Nxf5 Nxf5 20. Rc2 Rxc2
21. Qxc2 Qb4 22. Rd1 h4 23. Rd3 b5 24. Qd2 Qxd2 25. Rxd2 Rc8 26. Kf1 Rc3
1/2-1/2

[Event "II Open de Lisboa - Xeque Mate ao Verão "]
[Site "Espaço da Juventude nos Olivai"]
[Date "1914.08.12"]
[Round "4.16"]
[White "Figueiredo, Renato Freire"]
[Black "Catarino, Marcio Lopes"]
[Result "1-0"]
[WhiteElo "1766"]
[BlackElo "1858"]
[PlyCount "125"]
[EventDate "1914.08.10"]

1. d4 Nf6 2. c4 c5 3. Nf3 e6 4. g3 d5 5. cxd5 exd5 6. Bg2 Nc6 7. O-O Be7 8. Nc3
h6 9. Bf4 Bf5 10. Rc1 O-O 11. dxc5 Bxc5 12. Nb5 Be7 13. Nfd4 Bd7 14. Bc7 Qc8
15. Bd6 Bxd6 16. Nxd6 Qb8 17. N6f5 Qe5 18. f4 Qe8 19. Nd6 Qe3+ 20. Rf2 Qxd4 21.
Qxd4 Nxd4 22. h3 Bc6 23. e3 Ne6 24. Nf5 Rfe8 25. g4 Kh7 26. Bf1 g6 27. Nd6 Ne4
28. Nxe4 dxe4 29. Bg2 Rad8 30. Rfc2 Rd3 31. f5 gxf5 32. gxf5 Ng7 33. Rc5 Rxe3
34. f6 Ne6 35. Kf2 Rd3 36. Rxc6 bxc6 37. Bxe4+ Kg8 38. Bxd3 Nf4 39. Bf1 Re6 40.
Kf3 Rxf6 41. Ke4 Nd5 42. Bc4 Rf2 43. Bb3 Rxb2 44. Rxc6 Nb4 45. Rc7 Nxa2 46.
Bxf7+ Kf8 47. Bd5 Nb4 48. Rf7+ Ke8 49. Rxa7 Nxd5 50. Kxd5 Rb3 51. h4 Rb4 52.
Ke6 Kf8 53. Kf6 Ke8 54. h5 Rb6+ 55. Kg7 Rc6 56. Rf7 Rb6 57. Rf1 Rc6 58. Re1+
Kd8 59. Rg1 Ke7 60. Rg6 Rxg6+ 61. hxg6 h5 62. Kh7 h4 63. g7 1-0

[Event "II Open de Lisboa - Xeque Mate ao Verão "]
[Site "Espaço da Juventude nos Olivai"]
[Date "1914.08.12"]
[Round "4.20"]
[White "Alves, Luis Miguel Guerreir"]
[Black "Campos, Carlos Alberto Viega"]
[Result "1-0"]
[WhiteElo "1781"]
[BlackElo "1649"]
[PlyCount "83"]
[EventDate "1914.08.10"]

1. e4 d5 2. exd5 Nf6 3. Bb5+ Bd7 4. Qe2 Nxd5 5. d4 Nc6 6. c3 e6 7. Bc4 Be7 8.
Nf3 O-O 9. O-O Re8 10. b4 a6 11. Bd2 Bf6 12. Na3 b5 13. Bb3 Rc8 14. Nc2 Nde7
15. Ne5 Bxe5 16. dxe5 Ng6 17. f4 Nce7 18. Nd4 c5 19. bxc5 Rxc5 20. Rf3 Nh4 21.
Rh3 Nhf5 22. Bc2 Qc7 23. Kh1 g6 24. Bxf5 Nxf5 25. Nxf5 exf5 26. Be3 Rc8 27.
Bxc5 Qxc5 28. Qd2 Be6 29. Rd3 Kg7 30. h3 a5 31. Rb1 Qc4 32. Rb2 Rc5 33. Kh2 Rd5
34. Rxd5 Bxd5 35. Qd4 Qc6 36. Rd2 Be4 37. a3 h5 38. h4 Qc7 39. e6+ Kg8 40. Qd8+
Qxd8 41. Rxd8+ Kg7 42. e7 1-0

[Event "II Open de Lisboa - Xeque Mate ao Verão "]
[Site "Espaço da Juventude nos Olivai"]
[Date "1914.08.12"]
[Round "4.21"]
[White "Negrao, Alberto Rodolfo Alme"]
[Black "Melo, Ricardo Jorge Do N C"]
[Result "1-0"]
[WhiteElo "1768"]
[BlackElo "1514"]
[PlyCount "59"]
[EventDate "1914.08.10"]

1. e4 e5 2. d4 exd4 3. Nf3 Nc6 4. Bc4 Be7 5. c3 d6 6. cxd4 Bg4 7. Qb3 Bh5 8.
Qxb7 Nxd4 9. Nxd4 Nf6 10. Qb5+ Qd7 11. Qxd7+ Nxd7 12. Nc3 O-O 13. Nd5 Bf6 14.
Nxf6+ Nxf6 15. f3 Rfe8 16. O-O Re5 17. b4 Kf8 18. Bf4 Ree8 19. Bg5 a6 20. Bxf6
gxf6 21. g4 Bg6 22. Bd5 Rab8 23. Nc6 Rb6 24. Rfd1 f5 25. exf5 Bxf5 26. gxf5 Re3
27. Kf2 Rc3 28. Rac1 Rxc1 29. Rxc1 Rb7 30. a4 1-0

[Event "II Open de Lisboa - Xeque Mate ao Verão "]
[Site "Espaço da Juventude nos Olivai"]
[Date "1914.08.12"]
[Round "4.25"]
[White "Gasalho, Mario Da Conceicao N"]
[Black "Goncalves, Goncalo Cravo Jesus"]
[Result "1/2-1/2"]
[WhiteElo "1547"]
[BlackElo "1543"]
[PlyCount "82"]
[EventDate "1914.08.10"]

1. Nf3 Nf6 2. c4 e6 3. Nc3 b6 4. g3 Bb7 5. Bg2 Be7 6. O-O O-O 7. d3 d5 8. Ne5
Nbd7 9. f4 Qc8 10. cxd5 exd5 11. e3 c5 12. Ne2 Bd6 13. d4 Ne4 14. b3 Ba6 15.
Bb2 Bb7 16. Rc1 f6 17. Nd3 Qe8 18. Nf2 Rc8 19. Nxe4 dxe4 20. Nc3 cxd4 21. Qxd4
Bc5 22. Qd2 Bb4 23. a3 Bxc3 24. Rxc3 Nc5 25. Ba1 Nd3 26. Rxd3 exd3 27. Bxb7 Rd8
28. Ba6 Qe4 29. Bd4 Rfe8 30. Bxd3 Qe7 31. Bc4+ Kh8 32. Kf2 Qe4 33. Bd3 Rxd4 34.
exd4 Qxd4+ 35. Kg2 Rd8 36. Rf3 Qd5 37. Qc3 Qd6 38. a4 Qd5 39. Qc4 Qd6 40. Qe4
g6 41. Qc4 Qe7 1/2-1/2